000 00829cab a2200229 4500
001 ABS53806
008 090401t1995 xxu||||| |||| 00| 0 eng d
035 _a(Sirsi) u6690
041 _aeng
100 _aWallace, I.
245 _aIf it`s not broken don`t fix it - Charter for the contract-breaker?
260 _c1995
350 _a0
490 _aInternational Construction Law Review
_v12(4) October 1995, 561-582(22)
520 _aCritique of the provisions made in the Law Commission`s Draft Bill for apportionment remedies to claims brought in contract, which retreat from the original proposals made in the LC`s `Contributory Negligence as a Defence in Contract`.
650 _aAPPORTIONMENT
650 _aCONTRIBUTORY NEGLIGENCE
650 _aNEGLIGENCE
690 _aLAW
942 _n0
948 _c04/03/1997
999 _c3985
_d3985